Combien de ville de Dordogne (24) connais-tu ? - Statistiques

Statistiques générales
  • Ce quiz a été pris 35 fois
  • Le résultat moyen est 21 sur 503
Statistiques - réponses
Code postal Ville % Correct
24000 Périgueux
89%
24100 Bergerac
75%
24200 Sarlat-la-Canéda
61%
24300 Nontron
57%
24751 Trélissac
46%
24400 Mussidan
36%
24600 Ribérac
36%
24750 Boulazac Isle Manoire
32%
24250 Domme
32%
24650 Chancelade
29%
24430 Marsac-sur-l'Isle
29%
24540 Monpazier
29%
24210 Thenon
29%
24150 Lalinde
25%
24110 Saint-Astier
25%
24800 Thiviers
25%
24260 Bugue
21%
24750 Champcevinel
21%
24700 Montpon-Ménestérol
21%
24190 Neuvic
21%
24430 Razac-sur-l'Isle
21%
24120 Terrasson-Lavilledieu
21%
24450 Firbeix
18%
24220 Saint-Cyprien
18%
24310 Brantôme en Périgord
14%
24260 Campagne
14%
24370 Carlux
14%
24660 Coulounieix-Chamiers
14%
24390 Hautefort
14%
24290 Montignac-Lascaux
14%
24380 Vergt
14%
24200 Vitrac
14%
24460 Agonac
11%
24210 Ajat
11%
24600 Allemans
11%
24330 Bassillac et Auberoche
11%
24320 Bertric-Burée
11%
24220 Beynac-et-Cazenac
11%
24320 Bourg-des-Maisons
11%
24200 Carsac-Aillac
11%
24600 Celles
11%
24190 Chantérac
11%
24560 Issigeac
11%
24510 Limeuil
11%
24350 Lisle
11%
24350 Mensignac
11%
24240 Monbazillac
11%
24350 Montagrier
11%
24130 Prigonrieux
11%
24290 Saint-Léon-sur-Vézère
11%
24320 Saint-Paul-Lizonne
11%
24350 Saint-Victor
11%
24420 Sarliac-sur-l'Isle
11%
24420 Savignac-les-Églises
11%
24350 Tocane-Saint-Apre
11%
24510 Trémolat
11%
24600 Vanxains
11%
24320 Verteillac
11%
24140 Villamblard
11%
24600 Villetoureix
11%
24270 Angoisse
7%
24430 Annesse-et-Beaulieu
7%
24420 Antonne-et-Trigonant
7%
24590 Archignac
7%
24260 Audrix
7%
24210 Azerat
7%
24150 Bayac
7%
24440 Beaumontois en Périgord
7%
24560 Bouniagues
7%
24310 Bourdeilles
7%
24300 Bourdeix
7%
24600 Bourg-du-Bost
7%
24400 Bourgnac
7%
24110 Bourrou
7%
24320 Bouteilles-Saint-Sébastien
7%
24210 Brouchaud
7%
24350 Bussac
7%
24360 Busserolles
7%
24360 Bussière-Badil
7%
24250 Castelnaud-la-Chapelle
7%
24800 Chalais
7%
24320 Champagne-et-Fontaine
7%
24360 Champniers-et-Reilhac
7%
24320 Chapdeuil
7%
24290 Chapelle-Aubareil
7%
24320 Cherval
7%
24450 Coquille
7%
24430 Coursac
7%
24100 Creysse
7%
24250 Daglan
7%
24620 Eyzies
7%
24130 Fleix
7%
24130 Force
7%
24680 Gardonne
7%
24160 Génis
7%
24320 Gout-Rossignol
7%
24250 Groléjac
7%
24680 Lamonzie-Saint-Martin
7%
24320 Lusignac
7%
24110 Manzac-sur-Vern
7%
24230 Montcaret
7%
24110 Montrem
7%
24460 Négrondes
7%
24170 Pays de Belvès
7%
33220 Port-Sainte-Foy-et-Ponchapt
7%
24200 Proissans
7%
24250 Roque-Gageac
7%
24490 Saint Aulaye-Puymangou
7%
24200 Sainte-Nathalène
7%
24590 Saint-Geniès
7%
24190 Saint-Germain-du-Salembre
7%
24110 Saint-Léon-sur-l'Isle
7%
24610 Saint-Méard-de-Gurçon
7%
24330 Saint-Pierre-de-Chignac
7%
24590 Salignac-Eyvigues
7%
24051 Sanilhac
7%
24390 Tourtoirac
7%
24230 Vélines
7%
24550 Villefranche-du-Périgord
7%
24300 Abjat-sur-Bandiat
4%
24220 Allas-les-Mines
4%
24480 Alles-sur-Dordogne
4%
24160 Anlhiac
4%
24290 Aubas
4%
24300 Augignac
4%
24290 Auriac-du-Périgord
4%
24210 Bachellerie
4%
24390 Badefols-d'Ans
4%
24150 Badefols-sur-Dordogne
4%
24150 Baneuil
4%
24560 Bardou
4%
24210 Bars
4%
24400 Beaupouyet
4%
24120 Beauregard-de-Terrasson
4%
24140 Beauregard-et-Bassac
4%
24400 Beauronne
4%
24140 Beleymas
4%
24220 Berbiguières
4%
24550 Besse
4%
24310 Biras
4%
24540 Biron
4%
24560 Boisse
4%
24390 Boisseuilh
4%
24230 Bonneville-et-Saint-Avit-de-Fumadières
4%
24590 Borrèze
4%
24130 Bosset
4%
24480 Bouillac
4%
24150 Bourniquel
4%
24250 Bouzic
4%
24480 Buisson-de-Cadouin
4%
24150 Calès
4%
24370 Calviac-en-Périgord
4%
24550 Campagnac-lès-Quercy
4%
24140 Campsegret
4%
24540 Capdrot
4%
24610 Carsac-de-Gurson
4%
24170 Carves
4%
24120 Cassagne
4%
24220 Castels et Bézenac
4%
24150 Cause-de-Clérans
4%
24250 Cénac-et-Saint-Julien
4%
24380 Chalagnac
4%
24530 Champagnac-de-Belair
4%
24470 Champs-Romain
4%
24530 Chapelle-Faucher
4%
24350 Chapelle-Gonaguet
4%
24460 Château-l'Évêque
4%
24390 Cherveix-Cubas
4%
24600 Comberanche-et-Épeluche
4%
24530 Condat-sur-Trincou
4%
24560 Conne-de-Labarde
4%
24800 Corgnac-sur-l'Isle
4%
24420 Coulaures
4%
24520 Cours-de-Pile
4%
24320 Coutures
4%
24220 Coux et Bigaroque-Mouzens
4%
24150 Couze-et-Saint-Front
4%
24350 Douchapt
4%
24140 Douville
4%
24190 Douzillac
4%
24420 Escoire
4%
24160 Excideuil
4%
24800 Eyzerac
4%
24210 Fossemagne
4%
33220 Fougueyrolles
4%
24240 Gageac-et-Rouillac
4%
24350 Grand-Brassac
4%
24400 Issac
4%
24630 Jumilhac-le-Grand
4%
24520 Lamonzie-Montastruc
4%
24570 Lardin-Saint-Lazare
4%
24110 Léguillac-de-l'Auche
4%
24100 Lembras
4%
24210 Limeyrat
4%
24620 Marquay
4%
24220 Meyrals
4%
24450 Mialet
4%
24480 Molières
4%
24130 Monfaucon
4%
24140 Montagnac-la-Crempse
4%
24230 Montazeau
4%
24610 Montpeyroux
4%
24520 Mouleydier
4%
24700 Moulin-Neuf
4%
24250 Nabirat
4%
24320 Nanteuil-Auriac-de-Bourzac
4%
24590 Paulin
4%
24510 Paunat
4%
24270 Payzac
4%
24600 Petit-Bersac
4%
24510 Pezuls
4%
24360 Piégut-Pluviers
4%
24580 Plazac
4%
24580 Rouffignac-Saint-Cernin-de-Reilhac
4%
24230 Saint-Antoine-de-Breuilh
4%
24110 Saint-Aquilin
4%
24150 Saint-Capraise-de-Lalinde
4%
24560 Saint-Cernin-de-Labarde
4%
24260 Saint-Chamassy
4%
24330 Saint-Crépin-d'Auberoche
4%
24250 Saint-Cybranet
4%
24210 Sainte-Orse
4%
24360 Saint-Estèphe
4%
24800 Saint-Jean-de-Côle
4%
24800 Saint-Jory-de-Chalais
4%
24370 Saint-Julien-de-Lampon
4%
24400 Saint-Laurent-des-Hommes
4%
24100 Saint-Laurent-des-Vignes
4%
24300 Saint-Martial-de-Valette
4%
24320 Saint-Martial-Viveyrol
4%
24600 Saint-Martin-de-Ribérac
4%
24300 Saint-Martin-le-Pin
4%
24400 Saint-Médard-de-Mussidan
4%
24230 Saint-Michel-de-Montaigne
4%
24520 Saint-Nexans
4%
24470 Saint-Pardoux-la-Rivière
4%
24800 Saint-Paul-la-Roche
4%
24130 Saint-Pierre-d'Eyraud
4%
24410 Saint Privat en Périgord
4%
24190 Saint-Vincent-de-Connezac
4%
24200 Saint-Vincent-le-Paluel
4%
24230 Saint-Vivien
4%
24240 Saussignac
4%
24170 Siorac-en-Périgord
4%
24460 Sorges et Ligueux en Périgord
4%
24400 Sourzac
4%
24290 Thonac
4%
24620 Tursac
4%
24150 Varennes
4%
24320 Vendoire
4%
24220 Vézac
4%
24610 Villefranche-de-Lonchat
4%
24320 Chapelle-Grésignac
0%
24320 Chapelle-Montabourlet
0%
24300 Chapelle-Montmoreau
0%
24390 Chapelle-Saint-Jean
0%
24600 Chassaignes
0%
24120 Châtres
0%
24640 Chourgnac
0%
24170 Cladech
0%
24140 Clermont-de-Beauregard
0%
24160 Clermont-d'Excideuil
0%
24560 Colombier
0%
24290 Coly-Saint-Amand
0%
24570 Condat-sur-Vézère
0%
24300 Connezac
0%
24750 Cornille
0%
24120 Coteaux Périgourdins
0%
24390 Coubjours
0%
24350 Creyssac
0%
24380 Creyssensac-et-Pissot
0%
24640 Cubjac-Auvézère-Val d'Ans
0%
24240 Cunèges
0%
24170 Doissat
0%
24120 Dornac
0%
24330 Douze
0%
24270 Dussac
0%
24410 Échourgnac
0%
24380 Église-Neuve-de-Vergt
0%
24400 Église-Neuve-d'Issac
0%
24360 Étouars
0%
24700 Eygurande-et-Gardedeuil
0%
24500 Eymet
0%
24140 Eyraud-Crempse-Maurens
0%
24560 FALSE
0%
24290 Fanlac
0%
24290 Farges
0%
24560 Faurilles
0%
24120 Feuillade
0%
24580 Fleurac
0%
24250 Florimont-Gaumier
0%
24500 Fonroque
0%
24380 Fouleix
0%
24130 Fraisse
0%
24210 Gabillou
0%
24540 Gaugeac
0%
24130 Ginestet
0%
24390 Granges-d'Ans
0%
24110 Grignols
0%
24170 Grives
0%
24380 Grun-Bordas
0%
24300 Hautefaye
0%
24140 Jaure
0%
24300 Javerlhac-et-la-Chapelle-Saint-Robert
0%
24590 Jayac
0%
24410 Jemaye-Ponteyraud
0%
24260 Journiac
0%
24380 Lacropte
0%
24230 Lamothe-Montravel
0%
24270 Lanouaille
0%
24150 Lanquais
0%
24170 Larzac
0%
24540 Lavalade
0%
24550 Lavaur
0%
24400 Lèches
0%
24800 Lempzours
0%
24520 Liorac-sur-Louyre
0%
24540 Lolme
0%
24550 Loubejac
0%
24130 Lunas
0%
24300 Lussas-et-Nontronneau
0%
24200 Marcillac-Saint-Quentin
0%
24340 Mareuil en Périgord
0%
24220 Marnac
0%
24540 Marsalès
0%
24150 Mauzac-et-Grand-Castang
0%
24260 Mauzens-et-Miremont
0%
24420 Mayac
0%
24550 Mazeyrolles
0%
24700 Ménesplet
0%
24240 Mescoules
0%
24470 Milhac-de-Nontron
0%
24610 Minzac
0%
24240 Monestier
0%
24560 Monmadalès
0%
24560 Monmarvès
0%
24170 Monplaisant
0%
24440 Monsac
0%
24560 Monsaguel
0%
24210 Montagnac-d'Auberoche
0%
24560 Montaut
0%
24440 Montferrand-du-Périgord
0%
24590 Nadaillac
0%
24390 Nailhac
0%
24800 Nantheuil
0%
24800 Nanthiat
0%
24230 Nastringues
0%
24440 Naussannes
0%
24170 Orliac
0%
24410 Parcoul-Chenaud
0%
24310 Paussac-et-Saint-Vivien
0%
24120 Pazayac
0%
24370 Pechs-de-l'Espérance
0%
24210 Peyrignac
0%
24620 Peyzac-le-Moustier
0%
24700 Pizou
0%
24560 Plaisance
0%
24240 Pomport
0%
24150 Pontours
0%
24370 Prats-de-Carlux
0%
24550 Prats-du-Périgord
0%
24150 Pressignac-Vicq
0%
24160 Preyssac-d'Excideuil
0%
24140 Queyssac
0%
24530 Quinsac
0%
24440 Rampieux
0%
24240 Razac-de-Saussignac
0%
24500 Razac-d'Eymet
0%
24240 Ribagnac
0%
24340 Rochebeaucourt-et-Argentine
0%
24490 Roche-Chalais
0%
24240 Rouffignac-de-Sigoulès
0%
24340 Rudeau-Ladosse
0%
24500 Sadillac
0%
24170 Sagelat
0%
24520 Saint-Agne
0%
24380 Saint-Amand-de-Vergt
0%
24200 Saint-André-d'Allas
0%
24190 Saint-André-de-Double
0%
24500 Saint-Aubin-de-Cadelech
0%
24560 Saint-Aubin-de-Lanquais
0%
24250 Saint-Aubin-de-Nabirat
0%
24260 Saint-Avit-de-Vialard
0%
24540 Saint-Avit-Rivière
0%
24440 Saint-Avit-Sénieur
0%
24700 Saint-Barthélemy-de-Bellegarde
0%
24360 Saint-Barthélemy-de-Bussière
0%
24500 Saint-Capraise-d'Eymet
0%
24540 Saint-Cassien
0%
24550 Saint-Cernin-de-l'Herm
0%
24590 Saint-Crépin-et-Carlucet
0%
24270 Saint-Cyr-les-Champagnes
0%
24440 Sainte-Croix
0%
24340 Sainte-Croix-de-Mareuil
0%
24640 Sainte-Eulalie-d'Ans
0%
24170 Sainte-Foy-de-Belvès
0%
24510 Sainte-Foy-de-Longas
0%
24370 Sainte-Mondane
0%
24560 Sainte-Radegonde
0%
24400 Saint-Étienne-de-Puycorbier
0%
24160 Sainte-Trie
0%
24340 Saint-Félix-de-Bourdeilles
0%
24260 Saint-Félix-de-Reillac-et-Mortemart
0%
24510 Saint-Félix-de-Villadeix
0%
24460 Saint-Front-d'Alemps
0%
24400 Saint-Front-de-Pradoux
0%
24300 Saint-Front-la-Rivière
0%
24300 Saint-Front-sur-Nizonne
0%
24130 Saint-Georges-Blancaneix
0%
24140 Saint-Georges-de-Montclard
0%
24700 Saint-Géraud-de-Corps
0%
24170 Saint-Germain-de-Belvès
0%
24160 Saint-Germain-des-Prés
0%
24520 Saint-Germain-et-Mons
0%
24400 Saint-Géry
0%
24330 Saint-Geyrac
0%
24140 Saint-Hilaire-d'Estissac
0%
24190 Saint-Jean-d'Ataux
0%
24140 Saint-Jean-d'Estissac
0%
24160 Saint-Jory-las-Bloux
0%
24500 Saint-Julien-Innocence-Eulalie
0%
24320 Saint-Just
0%
24170 Saint-Laurent-la-Vallée
0%
24560 Saint-Léon-d'Issigeac
0%
24400 Saint-Louis-en-l'Isle
0%
24510 Saint-Marcel-du-Périgord
0%
24540 Saint-Marcory
0%
24160 Saint-Martial-d'Albarède
0%
24700 Saint-Martial-d'Artenset
0%
24250 Saint-Martial-de-Nabirat
0%
24800 Saint-Martin-de-Fressengeas
0%
24610 Saint-Martin-de-Gurson
0%
24140 Saint-Martin-des-Combes
0%
24400 Saint-Martin-l'Astier
0%
24380 Saint-Mayme-de-Péreyrol
0%
24600 Saint-Méard-de-Drône
0%
24160 Saint-Médard-d'Excideuil
0%
24270 Saint-Mesmin
0%
24400 Saint-Michel-de-Double
0%
24380 Saint-Michel-de-Villadeix
0%
24530 Saint-Pancrace
0%
24160 Saint-Pantaly-d'Excideuil
0%
24600 Saint-Pardoux-de-Drône
0%
24170 Saint-Pardoux-et-Vielvic
0%
24380 Saint-Paul-de-Serre
0%
24560 Saint-Perdoux
0%
24800 Saint-Pierre-de-Côle
0%
24450 Saint-Pierre-de-Frugie
0%
24170 Saint-Pompont
0%
24450 Saint-Priest-les-Fougères
0%
24210 Saint-Rabier
0%
24160 Saint-Raphaël
0%
24700 Saint-Rémy
0%
24540 Saint-Romain-de-Monpazier
0%
24800 Saint-Romain-et-Saint-Clément
0%
24470 Saint-Saud-Lacoussière
0%
24520 Saint-Sauveur
0%
24700 Saint-Sauveur-Lalande
0%
24230 Saint-Seurin-de-Prats
0%
24190 Saint-Séverin-d'Estissac
0%
24600 Saint-Sulpice-de-Roumagnac
0%
24800 Saint-Sulpice-d'Excideuil
0%
24220 Saint-Vincent-de-Cosse
0%
24410 Saint-Vincent-Jalmoutiers
0%
24420 Saint-Vincent-sur-l'Isle
0%
24160 Salagnac
0%
24170 Salles-de-Belvès
0%
24380 Salon
0%
24270 Sarlande
0%
24800 Sarrazac
0%
24260 Savignac-de-Miremont
0%
24300 Savignac-de-Nontron
0%
24270 Savignac-Lédrier
0%
24300 Sceau-Saint-Angel
0%
24600 Segonzac
0%
24290 Sergeac
0%
24500 Serres-et-Montguyard
0%
24410 Servanches
0%
24240 Sigoulès-et-Flaugeac
0%
24370 Simeyrols
0%
24500 Singleyrac
0%
24600 Siorac-de-Ribérac
0%
24360 Soudat
0%
24540 Soulaures
0%
24620 Tamniès
0%
24390 Teillots
0%
24390 Temple-Laguyon
0%
24300 Teyjat
0%
24240 Thénac
0%
24320 Tour-Blanche-Cercles
0%
24480 Urval
0%
24380 Val de Louyre et Caudeau
0%
24190 Vallereuil
0%
24290 Valojoulx
0%
24360 Varaignes
0%
24800 Vaunac
0%
24520 Verdon
0%
24540 Vergt-de-Biron
0%
24370 Veyrignac
0%
24250 Veyrines-de-Domme
0%
24380 Veyrines-de-Vergt
0%
24120 Villac
0%
24530 Villars
0%
Aucun quiz correspondant
Distribution des résultats
% des personnes avec chaque résultat
Percentile par nombre de réponses
Votre historique - résultats
Vous n’avez pas pris ce quiz